Datum a čas kvízu

26 Celkem bodů Celkový počet nahraných bodů na tomto kvízu bez doplňovacích otázek.
5. Pořadí na kvízu Konečné umístění týmu na tomto kvízu.

Zaznamenané odpovědi

# Otázka Odpověď Body Výsledky
1. V pátek byly zveřejněny výsled... Jihočeský kraj 1
2. Někdo chodí do školy pěšky, ně... D) na praseti 1
3. V areálu pražského Výstaviště... Alanis Morissette, Rag'n'Bone Man 0
4. V pondělí začala stavba půlkil... C) v Plzeňském kraji 0
5. Novozélanďan Maynard Williams... plank (prkno) 1
6. Začneme politikou. Republikáns... Agrární strana, agrárníci 1
7. V letech 1918–1928 bylo Českos... Podkarpatská Rus (Zakarpatská Ukrajina) 1
8. Na fotce vidíme jeden z rekons... Aero 0
9. Zde vidíme portrét módní návrh... Hana Podolská 0
10. Věra Menčíková se narodila v r... D) šachům 0